TV Characters By Reason They Left Quiz Stats

 Plays Quiz Updated Jul 11, 2012

Challenge
Share
Tweet
Embed
Score 0/20 Timer 05:00
0 Plays Today
Reason (Network, Year) Character Name % Correct
Abducted by aliens (temporarily) (Fox, 2000)Fox Mulder
46.1%
Dropped out of the show's historically black college (NBC, 1988)Denise Huxtable
25%
Death: Shot down over the Sea of Japan (CBS, 1975)Lt. Col. Henry Blake
22.7%
Death: Brain tumor (NBC, 2002)Dr. Mark Greene
21.1%
Retired after helping catch the Dick and Jane Killer's accomplice (CBS, 2009)Dr. Gil Grissom
17.6%
Teaching English in Africa (Fox, 2005)Eric Forman
14.6%
Writing a book called “Jocasta's Conundrum” (NBC, 1987)Diane Chambers
13.6%
Death: Suicide by gunshot (Fox, 2009)Dr. Lawrence Kutner
13%
School trip (yes, seriously) to Costa Rica (ABC, 1998)Randy Taylor
12.7%
Joined the U.S. Army (ABC, 1980)Richie Cunningham
10.9%
Reason (Network, Year) Character Name % Correct
Retreats to his cabin due to emotional trauma (CBS, 2007)Jason Gideon
10.1%
Acting program in London (Fox, 1994)Brenda Walsh
8.7%
Death: Shot by double agent Ari Haswari (CBS, 2005)Caitlin Todd
8.6%
Death: Heart attack (actor murdered) (NBC, 1998)Bill McNeal
8.5%
Death: Electric Shock/Car Accident (ABC, 2009)Edie Britt
7%
Rebellious teen became a flight attendant (WB, 2002)Mary Camden
6.1%
Exiled to Staten Island (NBC, 1995)Det. Mike Logan
4.9%
Moved to Washington, D.C. to become an environmental lobbyist (ABC, 2000)Mike Flaherty
3.5%
Accepted a faculty position at UCLA (CBS, 1978)Michael 'Meathead' Stivic
2.5%
Feared he had become the type of lawyer he resented (ABC, 2003)Bobby Donnell
2.2%

You're not logged in!

Compare scores with friends on all Sporcle quizzes.
Join for Free
OR
Log In

You Might Also Like...

Show Comments

Extras

Top Quizzes Today


Score Distribution

Your Account Isn't Verified!

In order to create a playlist on Sporcle, you need to verify the email address you used during registration. Go to your Sporcle Settings to finish the process.

Report this User

Report this user for behavior that violates our Community Guidelines.

Details: